| 000 | 00489nam a2200133Ia 4500 | ||
|---|---|---|---|
| 008 | 231129s2000||||xx |||||||||||||| ||spa|| | ||
| 020 | _a958-96829-1-x | ||
| 082 | _a986.004 M533 | ||
| 100 | _aGnecco Cristóbal | ||
| 245 | 0 | _aMemorias hegemónicas memorias Disidentes: El pasado como política de la historia | |
| 260 | _c2000 | ||
| 264 | _aBogotá : Instituto Colombiano de Antropología e Historia - Universidad del Cauca. | ||
| 942 |
_2ddc _cBKS |
||
| 999 |
_c20970 _d20970 |
||